[Event "14th European Club Cup for Wom"]
[Site "Ohrid"]
[Date "2009.10.04"]
[Round "1"]
[Board "1"]
[White "Arakhamia-Grant, Ketevan"]
[Black "Koneru, Humpy"]
[Result "0-1"]
[WhiteElo "2499"]
[BlackElo "2595"]
[PlyCount "122"]
[EventDate "2009.10.04"]
[EventType "team"]
[EventRounds "7"]
[EventCountry "MKD"]
[WhiteTeam "CS Cotnari-Politehnica Iasi"]
[BlackTeam "Cercle d'Echecs Monte Carlo"]

1.e4 c5 2.Nf3 e6 3.d4 cxd4 4.Nxd4 a6 5.Bd3 Bc5 6.Nb3 Be7 7.O-O d6 8.Qg4 g6 9.Qe2
Nd7 10.a4 b6 11.Nc3 Bb7 12.Be3 Ne5 13.Nd2 Nf6 14.Nc4 Nxc4 15.Bxc4 O-O 16.f3 Qc7
17.Ba2 Bc6 18.Rfd1 Rfe8 19.Qf2 Nd7 20.h4 h5 21.Qg3 Bf8 22.Bf4 Ne5 23.Bb3 Bg7
24.Ne2 b5 25.axb5 axb5 26.Qf2 Rxa1 27.Rxa1 Nc4 28.Bxc4 bxc4 29.c3 e5 30.Be3 Rb8
31.Ra7 Rb7 32.Nc1 Rxa7 33.Bxa7 Bf6 34.Bb6 Qe7 35.g3 d5 36.exd5 Bxd5 37.Bc5 Qe6
38.Ne2 Qf5 39.Kg2 e4 40.Nf4 exf3+ 41.Kh2 Bc6 42.Be3 Qe4 43.Nh3 Be7 44.Ng5 Qd5
45.Nh3 Bd6 46.Qd2 f2 47.Qxd5 f1=N+ 48.Kg1 Bxd5 49.Kxf1 Bxg3 50.Bf2 Bd6 51.Bd4
Be7 52.Nf4 Bf3 53.Kf2 Be4 54.Ke3 Bb7 55.Be5 Bxh4 56.Kd4 Ba6 57.Kc5 Bf2+ 58.Kb4
h4 59.Ka5 Bb7 60.Kb5 Bg3 61.Kxc4 g5

[Event "14th European Club Cup for Wom"]
[Site "Ohrid"]
[Date "2009.10.04"]
[Round "1"]
[Board "2"]
[White "Cramling, Pia"]
[Black "Dembo, Yelena"]
[Result "0-1"]
[WhiteElo "2535"]
[BlackElo "2482"]
[PlyCount "82"]
[EventDate "2009.10.04"]
[EventType "team"]
[EventRounds "7"]
[EventCountry "MKD"]
[WhiteTeam "Cercle d'Echecs Monte Carlo"]
[BlackTeam "CS Cotnari-Politehnica Iasi"]

1.d4 Nf6 2.c4 g6 3.Nc3 Bg7 4.Bg5 h6 5.Bh4 d6 6.e3 O-O 7.Be2 Nbd7 8.h3 e5 9.Nf3
Re8 10.O-O e4 11.Nd2 g5 12.Bg3 Nf8 13.b4 Bf5 14.Rc1 Bg6 15.Nb3 h5 16.a4 h4
17.Bh2 a6 18.a5 N6h7 19.c5 d5 20.c6 bxc6 21.Na2 f5 22.Rxc6 f4 23.exf4 e3 24.fxe3
Rxe3 25.f5 Qe8 26.fxg6 Qxc6 27.gxh7+ Nxh7 28.Nc5 Rf8 29.Bf3 g4 30.hxg4 Ng5
31.Be2 Rxf1+ 32.Bxf1 Ne6 33.b5 Qe8 34.Nxe6 Rxe6 35.Nb4 Re1 36.Qd3 Qxb5 37.Qxb5
Bxd4+ 38.Kh1 axb5 39.Bxc7 Rxf1+ 40.Kh2 Bg1+ 41.Kh3 Bc5

[Event "14th European Club Cup for Wom"]
[Site "Ohrid"]
[Date "2009.10.04"]
[Round "1"]
[Board "3"]
[White "Peptan, Corina-Isabela"]
[Black "Socko, Monika"]
[Result "1-0"]
[WhiteElo "2387"]
[BlackElo "2476"]
[PlyCount "97"]
[EventDate "2009.10.04"]
[EventType "team"]
[EventRounds "7"]
[EventCountry "MKD"]
[WhiteTeam "CS Cotnari-Politehnica Iasi"]
[BlackTeam "Cercle d'Echecs Monte Carlo"]

1.e4 c5 2.Nf3 Nc6 3.Bb5 e6 4.Bxc6 bxc6 5.O-O d5 6.d3 Ne7 7.c4 Ng6 8.Nc3 Be7
9.Bd2 O-O 10.Rc1 Bd6 11.Ne2 Bd7 12.Ng3 Rb8 13.b3 f5 14.exf5 exf5 15.cxd5 cxd5
16.Re1 f4 17.Nf1 Bf5 18.d4 Qb6 19.Bc3 c4 20.bxc4 dxc4 21.Qa4 Rbc8 22.N1d2 Qc6
23.Qxc6 Rxc6 24.d5 Rcc8 25.Nd4 Bd3 26.Re6 Rfd8 27.Nc6 Rd7 28.Nxa7 Ra8 29.Nb5 Bc5
30.Rc6 Rxd5 31.Nc7 Rc8 32.Nxd5 Rxc6 33.Nb4 Bxb4 34.Bxb4 f3 35.Nxf3 Nf4 36.Nd4
Rc8 37.Bd2 Nd5 38.Nb5 Ra8 39.a3 Rb8 40.a4 Rb7 41.f3 Rb8 42.Kf2 g6 43.Re1 Ra8
44.Re5 Nb6 45.a5 Nd7 46.Re7 Nc5 47.Bh6 Nb3 48.Rg7+ Kh8 49.Nd6

[Event "14th European Club Cup for Wom"]
[Site "Ohrid"]
[Date "2009.10.04"]
[Round "1"]
[Board "1"]
[White "Kosintseva, Tatiana"]
[Black "Danielian, Elina"]
[Result "1-0"]
[WhiteElo "2536"]
[BlackElo "2489"]
[PlyCount "67"]
[EventDate "2009.10.04"]
[EventType "team"]
[EventRounds "7"]
[EventCountry "MKD"]
[WhiteTeam "Spartak Vidnoe"]
[BlackTeam "Mika Yerevan"]

1.e4 e6 2.d4 d5 3.Nc3 Nf6 4.e5 Nfd7 5.f4 c5 6.Nf3 Nc6 7.Be3 cxd4 8.Nxd4 Bc5
9.Qd2 O-O 10.O-O-O Qe7 11.Nb3 b6 12.Be2 Bb7 13.Bf3 Rac8 14.Nb5 Ba6 15.N5d4 Bxd4
16.Nxd4 Na5 17.b3 Nc5 18.Kb1 Rc7 19.f5 Rfc8 20.Bg5 Qf8 21.Qb4 Qe8 22.f6 Na4
23.Qxa4 Qf8 24.Bc1 gxf6 25.exf6 e5 26.Nf5 e4 27.Bh5 Qc5 28.Nh6+ Kh8 29.Nxf7+
Rxf7 30.Bxf7 Qxc2+ 31.Ka1 Bc4 32.Bb2 Bxb3 33.Qd7 Ba4 34.Qg4

[Event "14th European Club Cup for Wom"]
[Site "Ohrid"]
[Date "2009.10.04"]
[Round "1"]
[Board "4"]
[White "Galojan, Lilit"]
[Black "Lahno, Kateryna"]
[Result "0-1"]
[WhiteElo "2326"]
[BlackElo "2483"]
[PlyCount "64"]
[EventDate "2009.10.04"]
[EventType "team"]
[EventRounds "7"]
[EventCountry "MKD"]
[WhiteTeam "Mika Yerevan"]
[BlackTeam "Spartak Vidnoe"]

1.d4 Nf6 2.c4 g6 3.Nc3 Bg7 4.e4 d6 5.f3 O-O 6.Be3 c5 7.Nge2 Nc6 8.d5 Ne5 9.Ng3
e6 10.Be2 exd5 11.cxd5 h5 12.O-O Nh7 13.f4 Ng4 14.Bxg4 Bxg4 15.Qd2 h4 16.Nh1 h3
17.Rfe1 Bd7 18.Bf2 hxg2 19.Kxg2 Re8 20.Bg3 b5 21.e5 Qb6 22.Rac1 Rad8 23.Qf2 Bc8
24.Rcd1 Bb7 25.Kg1 b4 26.Ne4 dxe5 27.fxe5 Bxd5 28.Bh4 Bxe4 29.Rxd8 Rxd8 30.Ng3
g5 31.Rxe4 gxh4 32.Rxh4 Rd1+

[Event "14th European Club Cup for Wom"]
[Site "Ohrid"]
[Date "2009.10.04"]
[Round "1"]
[Board "2"]
[White "Javakhishvili, Lela"]
[Black "Bojkovic, Natasa"]
[Result "1-0"]
[WhiteElo "2472"]
[BlackElo "2429"]
[PlyCount "101"]
[EventDate "2009.10.04"]
[EventType "team"]
[EventRounds "7"]
[EventCountry "MKD"]
[WhiteTeam "Samaia Tbilisi"]
[BlackTeam "BAS Beograd"]

1.d4 Nf6 2.c4 e6 3.Nf3 b6 4.Nc3 Bb7 5.a3 d5 6.cxd5 Nxd5 7.Qc2 Be7 8.e4 Nxc3
9.bxc3 O-O 10.Bd3 c5 11.O-O Qc7 12.Qe2 Nd7 13.Rd1 Rfd8 14.h4 Nf8 15.h5 h6 16.Be3
Nh7 17.e5 Qc6 18.Bb5 Qc7 19.Nd2 f6 20.f4 fxe5 21.dxe5 Nf8 22.a4 Bd5 23.Kh2 Rac8
24.Ba6 Bb7 25.Bc4 Bd5 26.Ba6 Bb7 27.Bd3 Bd5 28.Bc2 Bb7 29.Rg1 Rd7 30.Ne4 c4
31.Bd4 Bxe4 32.Qxe4 Bc5 33.Rad1 Qd8 34.Kh3 Qe7 35.g4 Rcd8 36.g5 Qf7 37.Rg4 Qxh5+
38.Kg3 Qf7 39.gxh6 g6 40.f5 exf5 41.Qxf5 Bxd4 42.cxd4 Qe7 43.Qf1 Kh7 44.Qxc4 Rc7
45.Qe2 Kxh6 46.Qe4 Rc3+ 47.Kg2 Qe6 48.Bb1 Kg7 49.d5 Qe8 50.e6 Qe7 51.Rxg6+

[Event "14th European Club Cup for Wom"]
[Site "Ohrid"]
[Date "2009.10.04"]
[Round "1"]
[Board "3"]
[White "Vasilevich, Tatjana"]
[Black "Lomineishvili, Maia"]
[Result "1-0"]
[WhiteElo "2423"]
[BlackElo "2378"]
[PlyCount "111"]
[EventDate "2009.10.04"]
[EventType "team"]
[EventRounds "7"]
[EventCountry "MKD"]
[WhiteTeam "BAS Beograd"]
[BlackTeam "Samaia Tbilisi"]

1.c4 e5 2.Nc3 Nc6 3.g3 g6 4.Bg2 Bg7 5.d3 d6 6.Nf3 Nf6 7.Rb1 O-O 8.O-O h6 9.b4 a6
10.a4 Be6 11.b5 axb5 12.axb5 Ne7 13.Bd2 Qc8 14.Qc1 Kh7 15.Rd1 Nd7 16.Ne1 Nc5
17.Nc2 Bh3 18.Bh1 f5 19.Nb4 f4 20.Ne4 Nf5 21.Bc3 Ne6 22.Nd5 Nfd4 23.Qb2 Qd8
24.b6 c6 25.Nc7 Nxc7 26.bxc7 Qxc7 27.Bxd4 exd4 28.Qxb7 Qxb7 29.Rxb7 Bg4 30.f3
Bc8 31.Rc7 d5 32.Nd6 dxc4 33.dxc4 Kg8 34.gxf4 Be6 35.Rxc6 Rxf4 36.Ne4 Bf7 37.Nf2
Ra2 38.Nd3 Rf5 39.Kf2 Rh5 40.Rc8+ Kh7 41.Rc7 Kg8 42.Rb1 Rxh2+ 43.Bg2 Bf8 44.Rb8
Rxg2+ 45.Kxg2 Rxe2+ 46.Nf2 Be6 47.Ra7 Re5 48.Ng4 Bxg4 49.fxg4 Re6 50.Rd8 Re4
51.Raa8 Rf4 52.c5 Kg7 53.c6 d3 54.c7 Rxg4+ 55.Kf3 Rc4 56.c8=Q

[Event "14th European Club Cup for Wom"]
[Site "Ohrid"]
[Date "2009.10.04"]
[Round "1"]
[Board "4"]
[White "Melia, Salome"]
[Black "Stojanovic, Andjelija"]
[Result "1-0"]
[WhiteElo "2432"]
[BlackElo "2323"]
[PlyCount "105"]
[EventDate "2009.10.04"]
[EventType "team"]
[EventRounds "7"]
[EventCountry "MKD"]
[WhiteTeam "Samaia Tbilisi"]
[BlackTeam "BAS Beograd"]

1.e4 c5 2.Nf3 Nc6 3.Bb5 g6 4.Bxc6 dxc6 5.d3 Bg7 6.O-O Nf6 7.a4 a5 8.Nc3 Nd7
9.Nd2 e5 10.Nc4 Qe7 11.Be3 O-O 12.Qd2 Re8 13.Rae1 b6 14.f4 exf4 15.Bxf4 Ba6
16.b3 Bxc4 17.bxc4 Ne5 18.Bh6 Bh8 19.Nd1 Qd7 20.h3 b5 21.cxb5 cxb5 22.Ne3 Nc4
23.Nxc4 bxc4 24.dxc4 Bd4+ 25.Kh1 Qxa4 26.c3 Be5 27.Qd5 Ra7 28.Rd1 Rc7 29.Ra1 Qc6
30.Rxa5 Bxc3 31.Ra3 Be5 32.Raf3 Qxd5 33.exd5 f6 34.Re3 Ra8 35.Bf4 Bxf4 36.Rxf4
Ra1+ 37.Kh2 Rc1 38.Rxf6 Rxc4 39.d6 Rd7 40.Re7 Rd8 41.d7 Rd4 42.Rff7 h5 43.Rg7+
Kh8 44.Rh7+ Kg8 45.Reg7+ Kf8 46.Rxg6 R8xd7 47.Rxh5 c4 48.Rc6 Rf7 49.Rhc5 Rff4
50.Rc7 Ke8 51.Rh5 Rh4 52.Rxh4 Rxh4 53.g4

[Event "14th European Club Cup for Wom"]
[Site "Ohrid"]
[Date "2009.10.04"]
[Round "1"]
[Board "1"]
[White "Muzychuk, Anna"]
[Black "Rajlich, Iweta"]
[Result "1/2-1/2"]
[WhiteElo "2533"]
[BlackElo "2465"]
[PlyCount "144"]
[EventDate "2009.10.04"]
[EventType "team"]
[EventRounds "7"]
[EventCountry "MKD"]
[WhiteTeam "Economist-SGSEU Saratov"]
[BlackTeam "Polonia Votum Wroclaw"]

1.e4 e6 2.d4 d5 3.Nc3 Bb4 4.e5 c5 5.a3 Bxc3+ 6.bxc3 Qa5 7.Bd2 Qa4 8.Qg4 g6 9.Nf3
Nc6 10.Qf4 c4 11.Be2 h6 12.h4 Bd7 13.O-O Rh7 14.Nh2 O-O-O 15.Ra2 Rf8 16.Ng4 Qa5
17.Re1 Qd8 18.Nf6 g5 19.hxg5 hxg5 20.Qxg5 Nxf6 21.Qxf6 Qb6 22.Bf3 Rg8 23.Bg5 Qa5
24.Re3 Qb6 25.Re1 Qa5 26.Re3 a6 27.g3 Qb6 28.Re1 Qa5 29.Re3 Na7 30.Qf4 Ba4
31.Rb2 Nc6 32.Bf6 Kb8 33.Bg2 Ka7 34.g4 Qc7 35.Rh3 Rxh3 36.Bxh3 Qc8 37.Qc1 Qf8
38.Rb1 Rg6 39.g5 Qg8 40.Bg4 Qh7 41.Qd2 Rg8 42.Rc1 Nb8 43.Kg2 Nd7 44.Rh1 Qxc2
45.Qxc2 Bxc2 46.Be7 Kb6 47.Kg3 Kb5 48.f4 Nf8 49.Rh2 Be4 50.a4+ Kc6 51.a5 Ng6
52.Bd6 Rh8 53.Rb2 b5 54.axb6 Kb7 55.Bd1 Rh1 56.Ba4 Nh4 57.Rb4 Nf5+ 58.Kf2 Rh2+
59.Ke1 Rh1+ 60.Kd2 Rh2+ 61.Kc1 Rh1+ 62.Kd2 a5 63.Bc6+ Kxc6 64.b7 axb4 65.b8=Q
bxc3+ 66.Kxc3 Rh3+ 67.Kd2 c3+ 68.Ke1 Rh1+ 69.Kf2 Rh2+ 70.Ke1 Rh1+ 71.Kf2 Rh2+
72.Ke1 Rh1+

[Event "14th European Club Cup for Wom"]
[Site "Ohrid"]
[Date "2009.10.04"]
[Round "1"]
[Board "2"]
[White "Zawadzka, Jolanta"]
[Black "Iljushina, Olga"]
[Result "1/2-1/2"]
[WhiteElo "2414"]
[BlackElo "2364"]
[PlyCount "82"]
[EventDate "2009.10.04"]
[EventType "team"]
[EventRounds "7"]
[EventCountry "MKD"]
[WhiteTeam "Polonia Votum Wroclaw"]
[BlackTeam "Economist-SGSEU Saratov"]

1.e4 c5 2.Nf3 Nc6 3.d4 cxd4 4.Nxd4 Nf6 5.Nc3 d6 6.Bg5 Qb6 7.Nb3 e6 8.Bf4 e5
9.Be3 Qc7 10.Be2 Be7 11.Qd2 O-O 12.Rd1 Rd8 13.f3 Be6 14.Nb5 Qb8 15.c4 a6 16.Nc3
b5 17.Nd5 bxc4 18.Bxc4 Qb7 19.O-O a5 20.Nxe7+ Qxe7 21.Rc1 d5 22.exd5 Bxd5 23.Qe2
Nb4 24.Bxd5 Nfxd5 25.a3 Nxe3 26.Qxe3 Nd5 27.Qf2 Nf4 28.Nc5 Qg5 29.Kh1 h5 30.g3
Nd3 31.Nxd3 Rxd3 32.Qc5 Rd2 33.Rc2 Rad8 34.Rxd2 Qxd2 35.Qxe5 Rc8 36.Qe1 Qxb2
37.Qxa5 g6 38.Qb4 Qe2 39.Qe1 Qa2 40.Qa1 Qe2 41.Qe1 Qa2

[Event "14th European Club Cup for Wom"]
[Site "Ohrid"]
[Date "2009.10.04"]
[Round "1"]
[Board "3"]
[White "Ushenina, Anna"]
[Black "Szczepkowska-Horowska, Karina"]
[Result "1/2-1/2"]
[WhiteElo "2474"]
[BlackElo "2321"]
[PlyCount "64"]
[EventDate "2009.10.04"]
[EventType "team"]
[EventRounds "7"]
[EventCountry "MKD"]
[WhiteTeam "Economist-SGSEU Saratov"]
[BlackTeam "Polonia Votum Wroclaw"]

1.e4 e5 2.Nf3 Nc6 3.Bb5 a6 4.Ba4 Nf6 5.Qe2 b5 6.Bb3 Be7 7.c3 O-O 8.d4 d6 9.Nbd2
h6 10.O-O Re8 11.a4 Bb7 12.Re1 Qb8 13.dxe5 dxe5 14.Nf1 Bf8 15.axb5 axb5 16.Rxa8
Bxa8 17.Ng3 Na5 18.Bc2 g6 19.b4 Nc4 20.Bd3 Nd6 21.Nd2 h5 22.Nf3 Qb7 23.h3 Bg7
24.Bg5 Qc6 25.Qc2 Nh7 26.Be3 Nf8 27.Nd2 Ne6 28.f3 Rd8 29.Bf1 Bf6 30.Nh1 Bg5
31.Bxg5 Nxg5 32.Nf2 Qb6

[Event "14th European Club Cup for Wom"]
[Site "Ohrid"]
[Date "2009.10.04"]
[Round "1"]
[Board "1"]
[White "Chelushkina, Irina"]
[Black "Hoang, Thanh Trang"]
[Result "1/2-1/2"]
[WhiteElo "2333"]
[BlackElo "2501"]
[PlyCount "120"]
[EventDate "2009.10.04"]
[EventType "team"]
[EventRounds "7"]
[EventCountry "MKD"]
[WhiteTeam "Radnicki Rudovci"]
[BlackTeam "T-com Podgorica"]

1.e4 e6 2.d4 b6 3.Nf3 Bb7 4.Bd3 c5 5.O-O Nf6 6.e5 Nd5 7.dxc5 Bxc5 8.a3 Be7 9.c4
Nc7 10.Nc3 Nc6 11.Bf4 O-O 12.Ne4 Ne8 13.Qc2 h6 14.Rad1 f5 15.exf6 Nxf6 16.Nd6
Qb8 17.Bg3 Nd4 18.Nf5 exf5 19.Nxd4 f4 20.Bh4 Bc5 21.Bxf6 Rxf6 22.Be4 Bxd4
23.Rxd4 Bc6 24.f3 Qf8 25.Rfd1 Re8 26.h3 Qc5 27.Bxc6 dxc6 28.b4 Qg5 29.Rd8 Rfe6
30.Rxe8+ Rxe8 31.c5 bxc5 32.Qxc5 Qxc5+ 33.bxc5 Re5 34.Rd8+ Kf7 35.Ra8 Rxc5
36.Rxa7+ Kf6 37.a4 Rc1+ 38.Kh2 c5 39.a5 Ra1 40.a6 Ke5 41.Ra8 Kd6 42.a7 Kc7
43.Rg8 Rxa7 44.Rxg7+ Kb6 45.Rg6+ Kb5 46.Rxh6 c4 47.Re6 c3 48.Re1 Kc4 49.h4 c2
50.g4 fxg3+ 51.Kxg3 Kd3 52.h5 Rc7 53.Kg4 c1=Q 54.Rxc1 Rxc1 55.h6 Kd4 56.Kf5 Kd5
57.h7 Rh1 58.Kg6 Ke6 59.Kg7 Rg1+ 60.Kf8 Rh1

[Event "14th European Club Cup for Wom"]
[Site "Ohrid"]
[Date "2009.10.04"]
[Round "1"]
[Board "2"]
[White "Cmilyte, Viktorija"]
[Black "Foisor, Cristina-Adela"]
[Result "1-0"]
[WhiteElo "2477"]
[BlackElo "2433"]
[PlyCount "71"]
[EventDate "2009.10.04"]
[EventType "team"]
[EventRounds "7"]
[EventCountry "MKD"]
[WhiteTeam "T-com Podgorica"]
[BlackTeam "Radnicki Rudovci"]

1.d4 g6 2.c4 Bg7 3.Nf3 d6 4.g3 Nf6 5.Bg2 O-O 6.O-O c6 7.Nc3 Bf5 8.Ne1 Qc8 9.e4
Bh3 10.f3 Bxg2 11.Kxg2 c5 12.d5 e6 13.Bg5 h6 14.Be3 exd5 15.cxd5 Na6 16.Qd2 Kh7
17.Nc2 Qd7 18.a4 Ne8 19.Na3 Nb4 20.Nc4 b6 21.f4 Nf6 22.Bg1 h5 23.h3 Rfe8 24.Rae1
Re7 25.Kh2 Rae8 26.e5 dxe5 27.d6 Re6 28.fxe5 Ng8 29.Ne4 f6 30.a5 Rxe5 31.Nxe5
Rxe5 32.axb6 axb6 33.Nc3 Bh6 34.Qd1 Nc6 35.Rxe5 Nxe5 36.Nd5

[Event "14th European Club Cup for Wom"]
[Site "Ohrid"]
[Date "2009.10.04"]
[Round "1"]
[Board "3"]
[White "Petrenko, Svetlana"]
[Black "Maric, Alisa"]
[Result "1/2-1/2"]
[WhiteElo "2260"]
[BlackElo "2405"]
[PlyCount "40"]
[EventDate "2009.10.04"]
[EventType "team"]
[EventRounds "7"]
[EventCountry "MKD"]
[WhiteTeam "Radnicki Rudovci"]
[BlackTeam "T-com Podgorica"]

1.e4 c6 2.d4 d5 3.Nc3 dxe4 4.Nxe4 Bf5 5.Ng3 Bg6 6.h4 h6 7.h5 Bh7 8.Nf3 Nd7 9.Bd3
Bxd3 10.Qxd3 e6 11.Bd2 Ngf6 12.c4 Be7 13.Bc3 O-O 14.Ne4 Qc7 15.Ne5 Nxe4 16.Qxe4
f5 17.Qe2 Nxe5 18.dxe5 Rad8 19.Rh3 Rd7 20.Rd1 Rfd8

[Event "14th European Club Cup for Wom"]
[Site "Ohrid"]
[Date "2009.10.04"]
[Round "1"]
[Board "4"]
[White "Kovalevskaya, Ekaterina"]
[Black "Benderac, Ana"]
[Result "1-0"]
[WhiteElo "2436"]
[BlackElo "2276"]
[PlyCount "59"]
[EventDate "2009.10.04"]
[EventType "team"]
[EventRounds "7"]
[EventCountry "MKD"]
[WhiteTeam "T-com Podgorica"]
[BlackTeam "Radnicki Rudovci"]

1.c4 f5 2.Nf3 Nf6 3.g3 g6 4.Bg2 Bg7 5.O-O O-O 6.d4 d6 7.d5 e5 8.dxe6 Nc6 9.Ng5
Qe7 10.Nc3 h6 11.Nd5 Nxd5 12.cxd5 hxg5 13.dxc6 bxc6 14.Bxc6 Rb8 15.Bd5 Bf6 16.e4
f4 17.gxf4 gxf4 18.Qg4 Kg7 19.Bxf4 c6 20.Bb3 Rxb3 21.axb3 Bxe6 22.Qg3 Rd8 23.Ra6
Bc8 24.Rxc6 Qxe4 25.Rc7+ Kg8 26.Qe3 Qd5 27.Re1 Rf8 28.Qe4 Qh5 29.Bxd6 Qg5+
30.Qg2

[Event "14th European Club Cup for Wom"]
[Site "Ohrid"]
[Date "2009.10.05"]
[Round "2"]
[Board "1"]
[White "Muzychuk, Anna"]
[Black "Kosintseva, Tatiana"]
[Result "1-0"]
[WhiteElo "2533"]
[BlackElo "2536"]
[PlyCount "107"]
[EventDate "2009.10.04"]
[EventType "team"]
[EventRounds "7"]
[EventCountry "MKD"]
[WhiteTeam "Economist-SGSEU Saratov"]
[BlackTeam "Spartak Vidnoe"]

1.e4 e5 2.Nf3 Nc6 3.Bc4 Bc5 4.O-O Nf6 5.d4 Bxd4 6.Nxd4 Nxd4 7.f4 d6 8.fxe5 dxe5
9.Bg5 Qe7 10.Na3 Bd7 11.Qe1 O-O-O 12.Qf2 Kb8 13.c3 Ne6 14.Bxf6 gxf6 15.Qxf6 Qc5+
16.Qf2 Qxf2+ 17.Kxf2 Rhg8 18.Rad1 Nc5 19.Ke3 Rg4 20.Rxf7 Rxe4+ 21.Kf2 Rh4 22.Kg1
Kc8 23.Re7 Bc6 24.Rxd8+ Kxd8 25.Rxe5 Na4 26.Re2 a6 27.Bd3 b5 28.Bf5 Bd5 29.Rd2
c6 30.c4 bxc4 31.g3 Rh5 32.g4 Rh3 33.Nxc4 Kc7 34.Rd3 Rxd3 35.Bxd3 h6 36.h4 Bxc4
37.Bxc4 Nxb2 38.Bxa6 Kd6 39.Kf2 Ke5 40.Kf3 c5 41.Bb5 Nd1 42.a4 Nc3 43.Be8 Ne4
44.a5 Nd2+ 45.Ke2 Nc4 46.a6 Kf4 47.a7 Nb6 48.Bd7 Na8 49.Kd3 Nb6 50.Bc8 Ke5 51.g5
hxg5 52.hxg5 Kd6 53.Ke4 Ke7 54.Bb7

[Event "14th European Club Cup for Wom"]
[Site "Ohrid"]
[Date "2009.10.05"]
[Round "2"]
[Board "3"]
[White "Ushenina, Anna"]
[Black "Kosintseva, Nadezhda"]
[Result "1/2-1/2"]
[WhiteElo "2474"]
[BlackElo "2493"]
[PlyCount "107"]
[EventDate "2009.10.04"]
[EventType "team"]
[EventRounds "7"]
[EventCountry "MKD"]
[WhiteTeam "Economist-SGSEU Saratov"]
[BlackTeam "Spartak Vidnoe"]

1.d4 Nf6 2.c4 e6 3.Nc3 Bb4 4.Qc2 O-O 5.e4 d5 6.e5 Ne4 7.Bd3 c5 8.Nf3 cxd4 9.Nxd4
Nd7 10.Bf4 Ndc5 11.O-O Bxc3 12.bxc3 Nxd3 13.Qxd3 b6 14.cxd5 Qxd5 15.Rfd1 Nc5
16.Qg3 Qe4 17.Nb3 Bb7 18.f3 Qf5 19.Bh6 Qg6 20.Qxg6 hxg6 21.Nxc5 bxc5 22.Be3 Rfc8
23.Rab1 Bd5 24.Rd2 Rc7 25.Rb5 Rac8 26.Ra5 f6 27.exf6 gxf6 28.Ra4 Bc6 29.Ra5 Bd5
30.Ra4 Bc6 31.Ra5 Bd5 32.Rb2 Bc4 33.Ra4 Bd3 34.c4 e5 35.Rd2 e4 36.fxe4 Bxe4
37.Ra6 Kg7 38.Rdd6 Rb8 39.Rxf6 Rb4 40.Rf4 Rxc4 41.Ra5 Bd5 42.Rxc4 Bxc4 43.Bxc5
a6 44.Bd4+ Kf7 45.Kf2 Bb5 46.Ra3 Rc2+ 47.Kg3 Ke6 48.Bf2 Rd2 49.Re3+ Kd5 50.a3
Rd3 51.Kf4 Rxe3 52.Bxe3 Ke6 53.Kg5 Kf7 54.g4

[Event "14th European Club Cup for Wom"]
[Site "Ohrid"]
[Date "2009.10.05"]
[Round "2"]
[Board "4"]
[White "Lahno, Kateryna"]
[Black "Paehtz, Elisabeth"]
[Result "1-0"]
[WhiteElo "2483"]
[BlackElo "2482"]
[PlyCount "93"]
[EventDate "2009.10.04"]
[EventType "team"]
[EventRounds "7"]
[EventCountry "MKD"]
[WhiteTeam "Spartak Vidnoe"]
[BlackTeam "Economist-SGSEU Saratov"]

1.d4 Nf6 2.c4 e6 3.Nf3 Bb4+ 4.Bd2 Qe7 5.Nc3 b6 6.e3 Bb7 7.Bd3 c5 8.a3 Bxc3
9.Bxc3 O-O 10.b3 d6 11.O-O Nbd7 12.Nd2 Rfe8 13.Qe2 Rac8 14.Rac1 Nf8 15.b4 cxd4
16.exd4 Ng6 17.Qe3 Qd7 18.b5 Ba8 19.Bb2 Qb7 20.f3 Qd7 21.a4 e5 22.Rfd1 exd4
23.Qxd4 Re5 24.Nf1 Rg5 25.Ng3 Re8 26.Bf1 d5 27.c5 bxc5 28.Qxc5 h5 29.Qc7 Nf4
30.Bxf6 Qxc7 31.Rxc7 gxf6 32.Kf2 Rge5 33.h4 R5e7 34.Rdc1 Re5 35.Rxa7 d4 36.b6
Bd5 37.b7 d3 38.Rb1 Rb8 39.Ra8 Ree8 40.Rxb8 Rxb8 41.Ke3 Ne6 42.Nxh5 Bxb7 43.Bxd3
Nc5 44.Be4 f5 45.Bxb7 Nxb7 46.Kf4 Kh7 47.Rb6

[Event "14th European Club Cup for Wom"]
[Site "Ohrid"]
[Date "2009.10.05"]
[Round "2"]
[Board "2"]
[White "Javakhishvili, Lela"]
[Black "Cmilyte, Viktorija"]
[Result "1-0"]
[WhiteElo "2472"]
[BlackElo "2477"]
[PlyCount "71"]
[EventDate "2009.10.04"]
[EventType "team"]
[EventRounds "7"]
[EventCountry "MKD"]
[WhiteTeam "Samaia Tbilisi"]
[BlackTeam "T-com Podgorica"]

1.d4 f5 2.Nc3 Nf6 3.Bg5 e6 4.e4 fxe4 5.Nxe4 Be7 6.Bxf6 Bxf6 7.Nf3 d5 8.Nxf6+
Qxf6 9.Bd3 c5 10.c3 Nc6 11.Bb5 Bd7 12.Bxc6 Bxc6 13.O-O O-O 14.Re1 Be8 15.Qd2 Rc8
16.Rac1 h6 17.Qe3 cxd4 18.cxd4 Bf7 19.Ne5 Qe7 20.g3 Rfd8 21.Rc3 Rxc3 22.Qxc3 Be8
23.Rc1 b6 24.Qc7 Kf8 25.Kg2 Ra8 26.Qxe7+ Kxe7 27.Rc7+ Kf6 28.Kf3 h5 29.Ke3 b5
30.h3 a5 31.g4 hxg4 32.hxg4 g5 33.f4 b4 34.Nf3 b3 35.fxg5+ Kg6 36.Kf4

[Event "14th European Club Cup for Wom"]
[Site "Ohrid"]
[Date "2009.10.05"]
[Round "2"]
[Board "3"]
[White "Maric, Alisa"]
[Black "Khukhashvili, Sopiko"]
[Result "0-1"]
[WhiteElo "2405"]
[BlackElo "2451"]
[PlyCount "88"]
[EventDate "2009.10.04"]
[EventType "team"]
[EventRounds "7"]
[EventCountry "MKD"]
[WhiteTeam "T-com Podgorica"]
[BlackTeam "Samaia Tbilisi"]

1.Nf3 Nf6 2.c4 e6 3.Nc3 Bb4 4.Qc2 O-O 5.a3 Bxc3 6.Qxc3 b6 7.b4 Qe7 8.Bb2 c5 9.e3
d6 10.Be2 e5 11.O-O Bg4 12.Rfe1 h6 13.h3 Bf5 14.d4 e4 15.Nd2 Nbd7 16.Nb3 Rfc8
17.Red1 Nf8 18.dxc5 dxc5 19.Rd2 Ng6 20.Rad1 Ne8 21.bxc5 bxc5 22.a4 Be6 23.f4
exf3 24.Bxf3 Rab8 25.Na5 Qg5 26.Kh1 Nh4 27.Bb7 Rc7 28.Bd5 Bxd5 29.cxd5 Nd6
30.Qe5 Nhf5 31.Qf4 Re8 32.Qxg5 hxg5 33.g4 Ng3+ 34.Kg2 Rxe3 35.Kf2 Rce7 36.Nc6
Re8 37.Be5 R3xe5 38.Kxg3 Re4 39.Ra2 a6 40.Kf2 Re3 41.Kg2 Rc3 42.Rb1 Ree3 43.Rb6
Rg3+ 44.Kf1 Ne4

[Event "14th European Club Cup for Wom"]
[Site "Ohrid"]
[Date "2009.10.05"]
[Round "2"]
[Board "4"]
[White "Melia, Salome"]
[Black "Kovalevskaya, Ekaterina"]
[Result "1/2-1/2"]
[WhiteElo "2432"]
[BlackElo "2436"]
[PlyCount "44"]
[EventDate "2009.10.04"]
[EventType "team"]
[EventRounds "7"]
[EventCountry "MKD"]
[WhiteTeam "Samaia Tbilisi"]
[BlackTeam "T-com Podgorica"]

1.e4 e5 2.Nf3 Nc6 3.Bb5 a6 4.Ba4 Nf6 5.O-O Be7 6.Re1 d6 7.c3 Bg4 8.d3 Nd7 9.Nbd2
Nc5 10.Bc2 Ne6 11.h3 Bh5 12.Nf1 Bg5 13.Ng3 Bxc1 14.Rxc1 Bxf3 15.Qxf3 O-O 16.Rcd1
Qg5 17.Qg4 Qxg4 18.hxg4 Rad8 19.Bb3 Nc5 20.Bc2 Ne6 21.Bb3 Nc5 22.Bc2 Ne6

[Event "14th European Club Cup for Wom"]
[Site "Ohrid"]
[Date "2009.10.05"]
[Round "2"]
[Board "1"]
[White "Koneru, Humpy"]
[Black "Rudolf, Anna"]
[Result "1-0"]
[WhiteElo "2595"]
[BlackElo "2286"]
[PlyCount "115"]
[EventDate "2009.10.04"]
[EventType "team"]
[EventRounds "7"]
[EventCountry "MKD"]
[WhiteTeam "Cercle d'Echecs Monte Carlo"]
[BlackTeam "Vandoeuvre Echecs"]

1.d4 e6 2.Nf3 Nf6 3.c4 Bb4+ 4.Nbd2 O-O 5.a3 Be7 6.e4 d5 7.e5 Nfd7 8.b4 a5 9.b5
c5 10.cxd5 exd5 11.Bd3 cxd4 12.Nb3 a4 13.Nbxd4 Nc5 14.Bc2 Bg4 15.O-O Nbd7 16.Re1
Nb6 17.Bd2 Nc4 18.Bb4 Re8 19.h3 Bd7 20.Qb1 g6 21.h4 Qb6 22.h5 Bf8 23.Qc1 Bg7
24.Qf4 Rac8 25.Re2 Bxb5 26.h6 Bh8 27.Ng5 Re7 28.e6 fxe6 29.Ndxe6 Qd6 30.Qf3 Bxa1
31.Bxc5 Qd7 32.Bxe7 Qxe7 33.Nd8 Qd7 34.Re7 Qxe7 35.Qxd5+ Kh8 36.Ndf7+ Kg8
37.Nd8+ Kh8 38.Ngf7+ Kg8 39.Nd6+ Kh8 40.N8f7+ Kg8 41.Ng5+ Kh8 42.Ndf7+ Kg8
43.Bxg6 Qd7 44.Nd6+ Kf8 45.Nxh7+ Ke7 46.Nxc8+ Kd8 47.Qg5+ Kc7 48.Ne7 Qd1+ 49.Kh2
Be5+ 50.f4 Bd4 51.Qxb5 Qg1+ 52.Kh3 Qh1+ 53.Kg3 Qe1+ 54.Kg4 Qe6+ 55.Kh5 Ne3
56.Qg5 Bf6 57.Nxf6 Qxe7 58.Ne8+